| 000 | nam a22 a 4500 | ||
|---|---|---|---|
| 999 |
_c2829 _d2829 |
||
| 005 | 20170518112238.0 | ||
| 008 | 170518b1985 cau||||| |||| 00| 0 eng d | ||
| 020 | _a0934385009 | ||
| 040 | _aAKMAL | ||
| 082 | 0 | 4 | _a651.78 PYL |
| 090 |
_a651.78 _bPYL |
||
| 100 |
_aPyle, Vesa _95974 |
||
| 245 | _aCurrent Medical Terminology | ||
| 260 |
_aCalifornia _bPrima Vera Publications _c1985 |
||
| 300 |
_a204p _c22cm |
||
| 942 |
_2ddc _cBOOK |
||